The return of the prophet
| Main Author: | |
|---|---|
| Format: | Book |
| Published: |
New York :
Atria Books ,
2008
|
| Subjects: |
MARC
| LEADER | 00000cam a2200000 7i4500 | ||
|---|---|---|---|
| 001 | 0000024819 | ||
| 005 | 20090120.0 | ||
| 008 | 090120 | ||
| 020 | |a 1582701989 | ||
| 090 | 0 | 0 | |a 811.6 |b GIB |
| 100 | 1 | |a Gibran, Hajjar | |
| 245 | 1 | 0 | |a The return of the prophet |c Hajjar Gibran |
| 260 | |a New York : |b Atria Books , |c 2008 | ||
| 650 | 0 | |a Spiritual life |x meditations | |
| 650 | 0 | |a Spiritual life |x poetry | |
| 999 | |a 0001039171 |b Book |c Adult Collection |e Perbadanan Perpustakaan Awam Johor | ||